Statistics for Famous Australians

Click here to take the quiz!

General Stats

  • This quiz has been taken 18,362 times
    (12,058 since last reset)
  • The average score is 12 of 25

Answer Stats

ClueAustralian% Correct
Actor who played WolverineHugh Jackman
86%
The Crocodile HunterSteve Irwin
85%
Tom Cruise's exNicole Kidman
83%
Actor who played the JokerHeath Ledger
74%
Actor who played ThorChris Hemsworth
73%
Country singer and husband
of the above
Keith Urban
62%
Singer who wants to get
physical... physical
Olivia Newton-John
54%
"Somebody That I Used to Know" singerGotye
51%
WikiLeaks leaderJulian Assange
50%
"Neighbours" actress and
"Showgirl" singer
Kylie Minogue
48%
Machiavellian media magnateRupert Murdoch
45%
She played Galadriel and
Queen Elizabeth
Cate Blanchett
44%
That's not a knife. THAT's a knife!Paul Hogan
43%
Olympic swimmer compared to a torpedoIan Thorpe
42%
Bushranger who wore armor and
was hanged in 1880
Ned Kelly
41%
Model known as "The Body"Elle MacPherson
39%
Greatest cricketer of all timeDonald Bradman
35%
Golfer called "The Shark"Greg Norman
33%
Actor who taught the king how to speakGeoffrey Rush
32%
She won 24 tennis majorsMargaret Court
31%
He won all four tennis major
in 1962 and 1969
Rod Laver
31%
AC/DC singer who died in 1980Bon Scott
29%
Swashbuckling actor
of Golden Age Hollywood
Errol Flynn
28%
Prime Minister, 1996-2007John Howard
27%
Star of "The Ring"Naomi Watts
22%

Score Distribution

Percentile by Number Answered

Percent of People with Each Score

Your Score History

You have not taken this quiz since the last reset